[Event "IECG CM.2001.0.00159 "]
[Site "IECG email"]
[Date "2001.11.22"]
[Round "?"]
[White "Veenstra, Arnt"]
[Black "Simmelink, Joop Theo"]
[Result "1-0"]
[WhiteElo "2142"]
[BlackElo "2254"]
[PlyCount "35"]
[EventDate "2001.11.22"]
[EventType "tourn (corr)"]
[EventRounds "6"]
[SourceTitle "Corr 2008"]
[Source "ChessBase"]
[SourceDate "2008.06.24"]
[SourceVersion "1"]
[SourceVersionDate "2008.06.24"]
[SourceQuality "1"]

1. c4 Nf6 2. Nf3 Nc6 3. d4 e6 4. Nc3 Bb4 5. Qc2 d6 6. Bd2 e5 7. a3 Bxc3 8. Bxc3 Qe7 9. d5 Nb8 10. e4 0-0 11. Be2 h6 12. Nd2 Nh7 13. 0-0 f5 14. f4 exf4 15. Rae1 Ng5 16. Bd3 fxe4 17. Nxe4 Nxe4 18. Bxe4 1-0

[Event "IECG WC.2000.F.00002 email"]
[Site "IECG email"]
[Date "2000.11.01"]
[Round "?"]
[White "Dikmen, Ali Semih"]
[Black "Veenstra, Arnt"]
[Result "1/2-1/2"]
[WhiteElo "2236"]
[BlackElo "2079"]
[PlyCount "31"]
[EventDate "2000.11.01"]
[EventType "tourn (corr)"]
[EventRounds "14"]
[SourceTitle "Corr 2008"]
[Source "ChessBase"]
[SourceDate "2008.06.24"]
[SourceVersion "1"]
[SourceVersionDate "2008.06.24"]
[SourceQuality "1"]

1. e4 e6 2. d4 d5 3. Nc3 Nf6 4. Bg5 Be7 5. e5 Nfd7 6. Bxe7 Qxe7 7. f4 0-0 8. Nf3 c5 9. Nb5 a6 10. Nd6 cxd4 11. Qxd4 Nc6 12. Qe3 f6 13. 0-0-0 fxe5 14. fxe5 Qd8 15. Ng5 Ndxe5 16. Nxc8 1/2-1/2

[Event "IECG WC.2000.F.00002 email"]
[Site "IECG email"]
[Date "2000.11.01"]
[Round "?"]
[White "Long, Jeffrey"]
[Black "Veenstra, Arnt"]
[Result "0-1"]
[WhiteElo "2280"]
[BlackElo "2079"]
[PlyCount "82"]
[EventDate "2000.11.01"]
[EventType "tourn (corr)"]
[EventRounds "14"]
[SourceTitle "Corr 2008"]
[Source "ChessBase"]
[SourceDate "2008.06.24"]
[SourceVersion "1"]
[SourceVersionDate "2008.06.24"]
[SourceQuality "1"]

1. c4 e5 2. Nc3 d6 3. Nf3 f5 4. d4 e4 5. Ng5 Be7 6. Nh3 Nf6 7. e3 c6 8. Nf4 Na6 9. h4 0-0 10. Be2 Nc7 11. d5 cxd5 12. cxd5 Nd7 13. h5 Bf6 14. Bd2 Be5 15. Rc1 Nf6 16. Qb3 Kh8 17. h6 g6 18. 0-0 g5 19. Ne6 Nxe6 20. dxe6 Qe8 21. Nb5 Bxe6 22. Qa3 Qg6 23. Bc3 Rad8 24. Rfd1 Qxh6 25. Bxe5 dxe5 26. Rxd8 Rxd8 27. Qxa7 g4 28. Qb6 Rf8 29. Nc7 Bxa2 30. g3 f4 31. Bf1 fxg3 32. fxg3 Qg5 33. Bg2 Nh5 34. Qc5 Rf3 35. Re1 Nxg3 36. Ne8 Bg8 37. Nd6 h5 38. b4 h4 39. Qc8 Qf6 40. Nxe4 Nxe4 41. Qxg4 Rg3 0-1

[Event "IECG WC.2000.F.00002 email"]
[Site "IECG email"]
[Date "2000.11.01"]
[Round "?"]
[White "Veenstra, Arnt"]
[Black "Isaacson, David"]
[Result "1/2-1/2"]
[WhiteElo "2079"]
[BlackElo "1883"]
[PlyCount "87"]
[EventDate "2000.11.01"]
[EventType "tourn (corr)"]
[EventRounds "14"]
[SourceTitle "Corr 2008"]
[Source "ChessBase"]
[SourceDate "2008.06.24"]
[SourceVersion "1"]
[SourceVersionDate "2008.06.24"]
[SourceQuality "1"]

1. Nf3 Nf6 2. g3 g6 3. b3 Bg7 4. Bb2 d6 5. d4 c5 6. d5 e6 7. dxe6 Bxe6 8. Bg2 0-0 9. c4 Nc6 10. 0-0 d5 11. Ng5 d4 12. Nxe6 fxe6 13. Nd2 Qd7 14. Qb1 a5 15. Ne4 Nxe4 16. Qxe4 a4 17. Rad1 axb3 18. axb3 Ra2 19. Bh3 Re8 20. Rd2 Na5 21. Qd3 Nc6 22. Ra1 Rxa1+ 23. Bxa1 b5 24. cxb5 Ne5 25. Qc2 Qxb5 26. Bb2 Qb4 27. Rd1 Nf7 28. Ra1 Ng5 29. Bg2 Rb8 30. h4 Nf7 31. Ba3 d3 32. Qxd3 Qxb3 33. Qxb3 Rxb3 34. Ra2 Bf8 35. Bh3 Nd8 36. Bc1 Rb1 37. Rc2 Kf7 38. Bg2 Nb7 39. Kh2 Na5 40. Bf4 Nb3 41. Be4 Ra1 42. e3 Rc1 43. Ra2 Ra1 44. Rc2 1/2-1/2

[Event "IECG WC.2000.F.00002 email"]
[Site "IECG email"]
[Date "2000.11.01"]
[Round "?"]
[White "Veenstra, Arnt"]
[Black "Muttoni, Guillermo Cesar"]
[Result "1-0"]
[WhiteElo "2079"]
[BlackElo "2275"]
[PlyCount "81"]
[EventDate "2000.11.01"]
[EventType "tourn (corr)"]
[EventRounds "14"]
[SourceTitle "Corr 2008"]
[Source "ChessBase"]
[SourceDate "2008.06.24"]
[SourceVersion "1"]
[SourceVersionDate "2008.06.24"]
[SourceQuality "1"]

1. e4 c5 2. Nf3 Nc6 3. d4 cxd4 4. Nxd4 Nf6 5. Nc3 e5 6. Ndb5 d6 7. Be3 a6 8. Na3 b5 9. Nd5 Nxd5 10. exd5 Ne7 11. c4 Nf5 12. Bd2 Be7 13. cxb5 0-0 14. Bd3 Qb6 15. 0-0 Bf6 16. Re1 Nd4 17. Be3 g6 18. Qd2 Bb7 19. bxa6 Bxa6 20. Nc4 Bxc4 21. Bxc4 Rfb8 22. b3 Ra3 23. Rac1 Bg7 24. Rc2 Qa7 25. Bxd4 exd4 26. Re2 Qb7 27. g3 h6 28. h4 Rc8 29. f4 Qd7 30. Kh2 Rb8 31. Bd3 Qb7 32. f5 gxf5 33. Qf4 Qxd5 34. Bc4 Qb7 35. Qxd6 Ra7 36. Bxf7+ Qxf7 37. Qxb8+ Kh7 38. Qb5 Rb7 39. Qc4 Qd7 40. Qc6 Qf7 41. Rc5 1-0

[Event "IECG WC.2000.F.00002 email"]
[Site "IECG email"]
[Date "2000.11.01"]
[Round "?"]
[White "Veenstra, Arnt"]
[Black "Simmelink, Joop Theo"]
[Result "1-0"]
[WhiteElo "2079"]
[BlackElo "2269"]
[PlyCount "75"]
[EventDate "2000.11.01"]
[EventType "tourn (corr)"]
[EventRounds "14"]
[SourceTitle "Corr 2008"]
[Source "ChessBase"]
[SourceDate "2008.06.24"]
[SourceVersion "1"]
[SourceVersionDate "2008.06.24"]
[SourceQuality "1"]

1. c4 g5 2. d4 h6 3. Nc3 Bg7 4. e4 c5 5. Be3 Qa5 6. Nge2 d6 7. Nc1 cxd4 8. Nb3 Qd8 9. Bxd4 Nf6 10. Be2 Nc6 11. Be3 Be6 12. Nd4 Bd7 13. 0-0 Rc8 14. Rc1 Na5 15. Nf5 Bxf5 16. exf5 Nc6 17. f4 Nd7 18. fxg5 hxg5 19. Qd2 g4 20. Nd5 g3 21. h3 Nf6 22. Qe1 Kf8 23. Qxg3 Qa5 24. Nc3 Ne8 25. a3 Nd4 26. Qf2 Nb3 27. Rc2 b6 28. Rd1 Nf6 29. Qf3 Re8 30. Bf2 Nd7 31. Rd5 Ndc5 32. Ne4 Rh6 33. Qf4 Na1 34. f6 Nxc2 35. fxg7+ Kxg7 36. Bh5 Rg6 37. Bxg6 fxg6 38. Ng5 1-0

[Event "IECG WC.2000.S.00003 email"]
[Site "IECG email"]
[Date "1999.??.??"]
[Round "?"]
[White "Rensen, Martin"]
[Black "Veenstra, Arnt"]
[Result "1/2-1/2"]
[WhiteElo "2145"]
[BlackElo "2019"]
[PlyCount "63"]
[EventDate "1999.05.08"]
[EventType "tourn (corr)"]
[EventRounds "10"]
[SourceTitle "Corr 2008"]
[Source "ChessBase"]
[SourceDate "2008.06.24"]
[SourceVersion "1"]
[SourceVersionDate "2008.06.24"]
[SourceQuality "1"]

1. e4 e6 2. d4 d5 3. Nc3 Nf6 4. Bg5 Bb4 5. e5 h6 6. Be3 Ne4 7. Qg4 g6 8. a3 Bxc3+ 9. bxc3 Nxc3 10. Bd3 Nc6 11. h4 Qe7 12. h5 g5 13. f4 gxf4 14. Qxf4 Bd7 15. Nf3 0-0-0 16. Bf2 Qf8 17. Bh4 Re8 18. g4 Ne4 19. Bxe4 dxe4 20. Qxe4 Na5 21. Qd3 Qg7 22. g5 Bc6 23. g6 fxg6 24. Bf6 Qd7 25. hxg6 Rhg8 26. Rh3 Qd5 27. g7 Bb5 28. Qc3 Nc6 29. Rxh6 Ne7 30. Rh2 Nf5 31. 0-0-0 Nxg7 32. Rh7 1/2-1/2

[Event "IECG WC.2000.S.00003 email"]
[Site "IECG email"]
[Date "1999.??.??"]
[Round "?"]
[White "Smet, Marc"]
[Black "Veenstra, Arnt"]
[Result "1/2-1/2"]
[WhiteElo "1774"]
[BlackElo "2019"]
[PlyCount "94"]
[EventDate "1999.05.08"]
[EventType "tourn (corr)"]
[EventRounds "10"]
[SourceTitle "Corr 2008"]
[Source "ChessBase"]
[SourceDate "2008.06.24"]
[SourceVersion "1"]
[SourceVersionDate "2008.06.24"]
[SourceQuality "1"]

1. e4 e5 2. Nf3 Nf6 3. d4 Nxe4 4. Bd3 d5 5. Nxe5 Nd7 6. Nxd7 Bxd7 7. 0-0 Bd6 8. c4 c6 9. cxd5 cxd5 10. Qh5 Qf6 11. Nc3 Qxd4 12. Qxd5 Qxd5 13. Nxd5 Nc5 14. Re1+ Ne6 15. Bg5 0-0 16. Be7 Bxe7 17. Nxe7+ Kh8 18. Rad1 Nf4 19. Bxh7 Bg4 20. Rd4 Ne2+ 21. Rxe2 Bxe2 22. Rh4 g5 23. Rh6 Bg4 24. f4 Kg7 25. fxg5 Rae8 26. Nf5+ Bxf5 27. Bxf5 Re2 28. h4 Rd8 29. Rf6 Rdd2 30. Bh3 Rxb2 31. h5 Rxa2 32. h6+ Kg8 33. g6 Ra1+ 34. Kh2 fxg6 35. Rxg6+ Kh8 36. Rf6 Raa2 37. Rf8+ Kh7 38. Rf6 Rab2 39. Bf5+ Kg8 40. Rg6+ Kh8 41. Kh3 Rb6 42. Rxb6 axb6 43. g4 Re5 44. Kg3 b5 45. Kf4 Re2 46. g5 b4 47. g6 Rf2+ 1/2-1/2

[Event "IECG FI.1998.0.00001 Jim Krepp mem"]
[Site "IECG email"]
[Date "1998.??.??"]
[Round "?"]
[White "Cotti, Paul M"]
[Black "Veenstra, Arnt"]
[Result "0-1"]
[WhiteElo "1819"]
[BlackElo "1966"]
[PlyCount "66"]
[EventDate "1998.03.27"]
[EventType "tourn (corr)"]
[EventRounds "14"]
[SourceTitle "Corr 2008"]
[Source "ChessBase"]
[SourceDate "2008.06.24"]
[SourceVersion "1"]
[SourceVersionDate "2008.06.24"]
[SourceQuality "1"]

1. Nf3 g6 2. d4 Nf6 3. c4 Bg7 4. g3 0-0 5. Bg2 d5 6. cxd5 Nxd5 7. e4 Nb6 8. Nc3 Bg4 9. Be3 Nc6 10. d5 Ne5 11. Bxb6 axb6 12. h3 Bxf3 13. Bxf3 f5 14. Bg2 fxe4 15. Bxe4 Qd6 16. Rc1 Nd7 17. Bb1 Bxc3+ 18. Rxc3 Nf6 19. 0-0 Nxd5 20. Qb3 c6 21. Be4 Ra5 22. Re1 e6 23. Rf3 Raa8 24. Bxd5 cxd5 25. Rfe3 Rfe8 26. a3 Rac8 27. Qd3 Rc6 28. Re5 Qd7 29. f4 Rec8 30. Qe3 d4 31. Qb3 d3 32. Rxe6 Rxe6 33. Rxe6 Kg7 0-1

[Event "IECG FI.1998.0.00001 Jim Krepp mem"]
[Site "IECG email"]
[Date "1998.??.??"]
[Round "?"]
[White "Veenstra, Arnt"]
[Black "Alexander, Alasdair"]
[Result "1/2-1/2"]
[WhiteElo "1966"]
[BlackElo "1847"]
[PlyCount "68"]
[EventDate "1998.03.27"]
[EventType "tourn (corr)"]
[EventRounds "14"]
[SourceTitle "Corr 2008"]
[Source "ChessBase"]
[SourceDate "2008.06.24"]
[SourceVersion "1"]
[SourceVersionDate "2008.06.24"]
[SourceQuality "1"]

1. c4 Nf6 2. Nc3 c5 3. Nf3 g6 4. e4 d6 5. d4 cxd4 6. Nxd4 Bg7 7. Be2 0-0 8. 0-0 Nc6 9. Be3 Bd7 10. Qd2 Nxd4 11. Bxd4 Bc6 12. f3 a5 13. Kh1 Nd7 14. Bxg7 Kxg7 15. f4 a4 16. Rae1 Qb6 17. Nd5 Bxd5 18. exd5 Rfe8 19. Bf3 Qc5 20. b3 axb3 21. axb3 Nf6 22. g4 b5 23. g5 Nd7 24. Bg4 f5 25. gxf6+ Nxf6 26. Be2 Ra3 27. Rf3 bxc4 28. Bxc4 Qa7 29. Rf2 Kh8 30. Qb2 Ra8 31. Rfe2 Ra1 32. Rxa1 Qxa1+ 33. Qxa1 Rxa1+ 34. Kg2 Rd1 1/2-1/2

[Event "IECG FI.1998.0.00001 Jim Krepp mem"]
[Site "IECG email"]
[Date "1998.??.??"]
[Round "?"]
[White "Veenstra, Arnt"]
[Black "De Koning, Leen"]
[Result "1-0"]
[WhiteElo "1966"]
[BlackElo "1772"]
[PlyCount "65"]
[EventDate "1998.03.27"]
[EventType "tourn (corr)"]
[EventRounds "14"]
[SourceTitle "Corr 2008"]
[Source "ChessBase"]
[SourceDate "2008.06.24"]
[SourceVersion "1"]
[SourceVersionDate "2008.06.24"]
[SourceQuality "1"]

1. e4 d6 2. d4 Nf6 3. Nc3 g6 4. f4 Bg7 5. Nf3 c5 6. Bb5+ Bd7 7. e5 Ng4 8. Bxd7+ Qxd7 9. d5 dxe5 10. h3 e4 11. Nxe4 Nf6 12. Nxf6+ Bxf6 13. 0-0 0-0 14. c4 e6 15. Ne5 Qd6 16. Qb3 b6 17. Be3 exd5 18. cxd5 Nd7 19. Ng4 Rfe8 20. Rad1 h5 21. Nxf6+ Nxf6 22. Bf2 Re2 23. f5 gxf5 24. Bg3 Qd7 25. Bh4 Ne4 26. Qf3 Rxb2 27. Qxh5 f6 28. Rxf5 Qg7 29. Qf3 Nd6 30. Rxf6 Rf8 31. Rf1 Rf7 32. Rxf7 Nxf7 33. Bf6 1-0